[Event "Titled Tuesday intern op 30th Apr Early"]
[Site "Chess.com INT"]
[Date "2024.04.30"]
[Round "2"]
[White "Sipila, Vilka"]
[Black "Zaichenko, Daria"]
[Result "1-0"]
[WhiteElo "2447"]
[BlackElo "2104"]
[PlyCount "71"]
[EventDate "2024.04.30"]
[EventType "swiss (blitz)"]
[EventRounds "11"]
[EventCountry "USA"]
[SourceTitle "CB19_2024"]
[SourceDate "2024.05.08"]
[SourceVersion "1"]
[SourceVersionDate "2024.05.08"]
[SourceQuality "1"]

1. b3 d5 2. Bb2 c5 3. e4 d4 4. f4 e5 5. Bb5+ Nc6 6. Bxc6+ bxc6 7. Qf3 Bd6 8. Ne2 Nf6 9. f5 g6 10. g4 gxf5 11. gxf5 Ba6 12. d3 Rg8 13. Nd2 Qa5 14. a4 Kd7 15. h3 Rab8 16. 0-0-0 Kc7 17. Rhg1 Kb7 18. Ng3 Ka8 19. Nh5 Be7 20. Nxf6 Bxf6 21. Qh5 Qc7 22. Kb1 Qe7 23. Nf3 c4 24. Rxg8 Rxg8 25. dxc4 Rb8 26. Ne1 Bg5 27. Nd3 h6 28. h4 Be3 29. Ka2 c5 30. Ba3 Rc8 31. Rf1 Qd7 32. Nxe5 Qe8 33. f6 d3 34. Nxd3 Qxe4 35. Re1 Bb7 36. Bc1 1-0

[Event "Titled Tuesday intern op 30th Apr Early"]
[Site "Chess.com INT"]
[Date "2024.04.30"]
[Round "5"]
[White "Ternault, Mathieu"]
[Black "Zaichenko, Daria"]
[Result "1-0"]
[WhiteElo "2304"]
[BlackElo "2104"]
[PlyCount "153"]
[EventDate "2024.04.30"]
[EventType "swiss (blitz)"]
[EventRounds "11"]
[EventCountry "USA"]
[SourceTitle "CB19_2024"]
[SourceDate "2024.05.08"]
[SourceVersion "1"]
[SourceVersionDate "2024.05.08"]
[SourceQuality "1"]

1. e4 c5 2. Nf3 Nc6 3. b3 e5 4. Bb2 d6 5. Nc3 Bg4 6. h3 Bh5 7. Bb5 Nge7 8. g4 Bg6 9. Nh4 a6 10. Nxg6 hxg6 11. Bxc6+ Nxc6 12. Nd5 Be7 13. Qf3 Bg5 14. a4 Nd4 15. Bxd4 cxd4 16. d3 Qa5+ 17. b4 Qd8 18. 0-0 Rc8 19. Ra2 0-0 20. Kg2 Rc6 21. Qe2 f5 22. f3 f4 23. b5 axb5 24. axb5 Rc5 25. b6 Bh4 26. Rfa1 Bg3 27. Ra7 Rxd5 28. exd5 Qxb6 29. Ra8 Rxa8 30. Rxa8+ Kf7 31. Rc8 Qb5 32. Rc7+ Kf6 33. h4 Qxd5 34. g5+ Kf5 35. Qe4+ Qxe4 36. dxe4+ Ke6 37. Rxg7 Bxh4 38. Rxg6+ Kf7 39. Rf6+ Ke7 40. Rf5 b5 41. Kf1 b4 42. Ke2 Ke6 43. Kd3 d5 44. g6 dxe4+ 45. fxe4 Bf6 46. Rh5 Bg7 47. Rf5 Bf6 48. Ke2 Bg7 49. Rf7 Bh6 50. Rb7 Kf6 51. Rb6+ Kg7 52. Kf3 Bg5 53. Rb7+ Kxg6 54. Rxb4 Bf6 55. Rb5 Kf7 56. Rd5 Ke7 57. Kg4 Ke6 58. Rb5 Be7 59. Rb6+ Bd6 60. Kf3 Kd7 61. Rb5 Kc6 62. Rd5 Bb4 63. Rxe5 Bd2 64. Rd5 Be3 65. Rh5 Kd6 66. Ke2 Ke6 67. Kf3 Kd6 68. Rh6+ Ke5 69. Rh8 Kd6 70. Re8 Bd2 71. Rd8+ Ke5 72. Rd5+ Kf6 73. Rxd4 Be3 74. Rd5 Ke6 75. Rf5 Kd6 76. Rxf4 Bxf4 77. Kxf4 1-0

[Event "Titled Tuesday intern op 30th Apr Early"]
[Site "Chess.com INT"]
[Date "2024.04.30"]
[Round "11"]
[White "Zaichenko, Daria"]
[Black "Kubatko, Ivan"]
[Result "0-1"]
[WhiteElo "2104"]
[BlackElo "2257"]
[PlyCount "110"]
[EventDate "2024.04.30"]
[EventType "swiss (blitz)"]
[EventRounds "11"]
[EventCountry "USA"]
[SourceTitle "CB19_2024"]
[SourceDate "2024.05.08"]
[SourceVersion "1"]
[SourceVersionDate "2024.05.08"]
[SourceQuality "1"]

1. e4 g6 2. d4 Bg7 3. f4 d6 4. Nf3 a6 5. Nc3 Nd7 6. e5 e6 7. Bd3 Ne7 8. 0-0 b6 9. b4 Bb7 10. Qe2 0-0 11. Be3 Nd5 12. Ne4 Nxb4 13. exd6 Nxd3 14. dxc7 Qxc7 15. Qxd3 Rac8 16. Rac1 Qc6 17. Ned2 Rfd8 18. c4 Nc5 19. Qe2 Ne4 20. Ne5 Qa4 21. Nxe4 Bxe4 22. d5 exd5 23. Bxb6 Re8 24. c5 f6 25. Nf3 Bf8 26. Qb2 Bg7 27. Nd2 Bd3 28. Rf3 f5 29. Qb3 Qd4+ 30. Kh1 Be2 31. c6 Qxd2 32. Be3 Qd3 33. Qxd3 Bxd3 34. c7 Be4 35. Rf2 d4 36. Bd2 Re7 37. Ba5 Rd7 38. Rb2 Re7 39. Rb8 Ree8 40. Rb6 d3 41. Rxa6 Bf8 42. Kg1 Kf7 43. Kf2 Be7 44. Rb6 Bf6 45. Rb4 Be7 46. Rbc4 h6 47. g4 Bf6 48. gxf5 gxf5 49. Bb6 Rg8 50. a4 Rg2+ 51. Ke1 Re2+ 52. Kd1 Rxh2 53. Rb4 Bf3+ 54. Ke1 d2+ 55. Kf1 dxc1Q# 0-1

[Event "Titled Tuesday intern op 06th Feb Early"]
[Site "Chess.com INT"]
[Date "2024.02.06"]
[Round "4"]
[White "Mirza, Diana"]
[Black "Zaichenko, Daria"]
[Result "0-1"]
[WhiteElo "1926"]
[BlackElo "2104"]
[PlyCount "64"]
[EventDate "2024.02.06"]
[EventType "swiss (blitz)"]
[EventRounds "11"]
[EventCountry "USA"]
[SourceTitle "CB07_2024"]
[SourceDate "2024.02.14"]
[SourceVersion "1"]
[SourceVersionDate "2024.02.14"]
[SourceQuality "1"]

1. e4 c5 2. Nf3 Nc6 3. d4 cxd4 4. Nxd4 Nf6 5. Nc3 d6 6. Be3 Ng4 7. Bc1 e5 8. Nf5 Bxf5 9. exf5 Nf6 10. Bc4 Nd4 11. Qd3 a6 12. 0-0 b5 13. Bd5 Rc8 14. Bg5 Be7 15. Rac1 Nxd5 16. Nxd5 Bxg5 17. f4 Bf6 18. Nxf6+ Qxf6 19. fxe5 dxe5 20. c3 Nc6 21. Rcd1 0-0 22. Qe4 Ne7 23. Qb7 Rc4 24. Rd7 Nxf5 25. b3 Rxc3 26. g4 Nd6 27. Rxf6 Nxb7 28. Rxa6 Nc5 29. Rc7 Nxa6 30. Rxc3 Rd8 31. a3 b4 32. a4 bxc3 0-1

[Event "Titled Tuesday intern op 06th Feb Early"]
[Site "Chess.com INT"]
[Date "2024.02.06"]
[Round "1"]
[White "Vardanyan, Aras"]
[Black "Zaichenko, Daria"]
[Result "1-0"]
[WhiteElo "2299"]
[BlackElo "2104"]
[PlyCount "37"]
[EventDate "2024.02.06"]
[EventType "swiss (blitz)"]
[EventRounds "11"]
[EventCountry "USA"]
[SourceTitle "CB07_2024"]
[SourceDate "2024.02.14"]
[SourceVersion "1"]
[SourceVersionDate "2024.02.14"]
[SourceQuality "1"]

1. Nf3 d5 2. g3 c5 3. Bg2 Nc6 4. 0-0 e5 5. d3 Nf6 6. c4 d4 7. b4 Bd6 8. b5 Ne7 9. e3 0-0 10. exd4 exd4 11. Bg5 Ng6 12. Nbd2 h6 13. Bxf6 Qxf6 14. Ne4 Qe7 15. Nxd6 Qxd6 16. Nd2 a6 17. Re1 axb5 18. cxb5 Ra3 19. Nc4 1-0

[Event "Titled Tuesday intern op 06th Feb Early"]
[Site "Chess.com INT"]
[Date "2024.02.06"]
[Round "5"]
[White "Zaichenko, Daria"]
[Black "Dmitrenko, Viktor"]
[Result "1-0"]
[WhiteElo "2104"]
[BlackElo "2395"]
[PlyCount "61"]
[EventDate "2024.02.06"]
[EventType "swiss (blitz)"]
[EventRounds "11"]
[EventCountry "USA"]
[SourceTitle "CB07_2024"]
[SourceDate "2024.02.14"]
[SourceVersion "1"]
[SourceVersionDate "2024.02.14"]
[SourceQuality "1"]

1. e4 c5 2. Nf3 e6 3. d4 cxd4 4. Nxd4 Nf6 5. Nc3 Nc6 6. Ndb5 Bc5 7. Nd6+ Ke7 8. Nxc8+ Rxc8 9. Bd3 a6 10. 0-0 Qc7 11. Bg5 h6 12. Bxf6+ gxf6 13. Qh5 Ba7 14. Kh1 Rhg8 15. f4 b5 16. Rae1 Rg6 17. Nd5+ exd5 18. exd5+ Kf8 19. Bxg6 fxg6 20. Qxh6+ Kf7 21. Qh7+ Kf8 22. dxc6 dxc6 23. Qxg6 Qg7 24. Qf5 Rc7 25. Re6 Kf7 26. Rfe1 Qh6 27. Qe4 Bc5 28. Rxc6 Rxc6 29. Qxc6 Bf2 30. Qe8+ Kg7 31. Re7# 1-0

[Event "Titled Tuesday intern op 16th Jan Early"]
[Site "Chess.com INT"]
[Date "2024.01.16"]
[Round "8"]
[White "Marcziter, Dmitrii"]
[Black "Zaichenko, Daria"]
[Result "0-1"]
[WhiteElo "2190"]
[BlackElo "2104"]
[PlyCount "74"]
[EventDate "2024.01.16"]
[EventType "swiss (blitz)"]
[EventRounds "11"]
[EventCountry "USA"]
[SourceTitle "CB04_2024"]
[SourceDate "2023.10.16"]
[SourceVersion "1"]
[SourceVersionDate "2023.10.16"]
[SourceQuality "1"]

1. e4 c5 2. Nc3 g6 3. f4 Bg7 4. Nf3 Nc6 5. Bc4 Nd4 6. 0-0 d6 7. Ne2 e5 8. d3 Nxf3+ 9. Rxf3 Bg4 10. Rg3 Qd7 11. h3 Bxe2 12. Qxe2 exf4 13. Bxf4 Bxb2 14. Rb1 Bd4+ 15. Be3 Bxe3+ 16. Qxe3 Ne7 17. Qh6 0-0-0 18. Bxf7 d5 19. Qe3 d4 20. Qg5 b6 21. Rf3 Rhf8 22. Rf6 Qc7 23. Rbf1 Kb8 24. Bc4 Rxf6 25. Qxf6 Nc6 26. Bd5 Nb4 27. Bb3 Qd6 28. Qg7 Rd7 29. Rf8+ Kb7 30. Qg8 Qg3 31. Qe6 Qd6 32. Qe8 Ka6 33. Qc8+ Ka5 34. a3 Nc6 35. Qe8 Rd8 36. Qf7 Rxf8 37. Qc4 b5 0-1

[Event "Titled Tuesday intern op 16th Jan Early"]
[Site "Chess.com INT"]
[Date "2024.01.16"]
[Round "1"]
[White "Zaichenko, Daria"]
[Black "Setiawan, David"]
[Result "1-0"]
[WhiteElo "2104"]
[BlackElo "2002"]
[PlyCount "83"]
[EventDate "2024.01.16"]
[EventType "swiss (blitz)"]
[EventRounds "11"]
[EventCountry "USA"]
[SourceTitle "CB04_2024"]
[SourceDate "2023.10.16"]
[SourceVersion "1"]
[SourceVersionDate "2023.10.16"]
[SourceQuality "1"]

1. e4 g6 2. d4 Bg7 3. f4 d5 4. e5 c5 5. c3 cxd4 6. cxd4 f6 7. Nf3 Nc6 8. Nc3 fxe5 9. Nxe5 Nxe5 10. fxe5 e6 11. Bb5+ Bd7 12. 0-0 Ne7 13. Bg5 a6 14. Bxd7+ Qxd7 15. Bxe7 Qxe7 16. Qa4+ Kd8 17. Qa5+ Ke8 18. Na4 Rf8 19. Nc5 Rc8 20. Qb6 Rxf1+ 21. Rxf1 Bxe5 22. Nxe6 Rc6 23. Rf8+ Qxf8 24. Qd8+ Kf7 25. Qxf8+ Kxe6 26. dxe5 Rc1+ 27. Kf2 Kxe5 28. Qe7+ Kf5 29. Qxb7 Rc2+ 30. Ke3 Ke5 31. Qe7+ Kf5 32. h3 Rxg2 33. Qxh7 Rxb2 34. Qd7+ Kf6 35. Qxd5 Rb5 36. Qd6+ Kg5 37. Qxa6 Rb1 38. Qa5+ Kh4 39. Kf2 Rb2+ 40. Kf3 Kxh3 41. Qc3 Rg2 42. Qh8# 1-0

[Event "Titled Tuesday intern op 12th Dec Early"]
[Site "Chess.com INT"]
[Date "2023.12.12"]
[Round "9"]
[White "Klinova, Masha"]
[Black "Zaichenko, Daria"]
[Result "1-0"]
[WhiteElo "2234"]
[BlackElo "2104"]
[PlyCount "43"]
[EventDate "2023.12.12"]
[EventType "swiss (blitz)"]
[EventRounds "11"]
[EventCountry "USA"]
[SourceTitle "CB51_2023"]
[SourceDate "2023.12.20"]
[SourceVersion "1"]
[SourceVersionDate "2023.12.20"]
[SourceQuality "1"]

1. e4 c5 2. Nf3 Nc6 3. Bb5 g6 4. Bxc6 dxc6 5. d3 Bg7 6. Nc3 e5 7. Be3 b6 8. Qd2 Ne7 9. 0-0 0-0 10. Bh6 f5 11. Bxg7 Kxg7 12. exf5 Nxf5 13. Ne4 Qe7 14. Rae1 Nd4 15. Re3 Nxf3+ 16. Rxf3 Rxf3 17. gxf3 Bh3 18. Re1 h6 19. f4 Rf8 20. Qe3 Bg4 21. Ng3 Rxf4 22. Qxf4 1-0

[Event "Titled Tuesday intern op 12th Dec Early"]
[Site "Chess.com INT"]
[Date "2023.12.12"]
[Round "11"]
[White "Saim, Mohamed Ilias"]
[Black "Zaichenko, Daria"]
[Result "0-1"]
[WhiteElo "2169"]
[BlackElo "2104"]
[PlyCount "76"]
[EventDate "2023.12.12"]
[EventType "swiss (blitz)"]
[EventRounds "11"]
[EventCountry "USA"]
[SourceTitle "CB51_2023"]
[SourceDate "2023.12.20"]
[SourceVersion "1"]
[SourceVersionDate "2023.12.20"]
[SourceQuality "1"]

1. d4 d5 2. c4 e6 3. Nf3 Be7 4. e3 Nf6 5. Nbd2 0-0 6. Bd3 dxc4 7. Nxc4 c5 8. 0-0 Nc6 9. dxc5 Bxc5 10. a3 a5 11. b3 b5 12. Nce5 Nxe5 13. Nxe5 Ba6 14. Bb2 b4 15. axb4 Bxb4 16. Bxa6 Rxa6 17. Qf3 Qd5 18. Rfd1 Qxf3 19. Nxf3 Nd5 20. Rac1 a4 21. bxa4 Rxa4 22. Rc4 Rfa8 23. Rdc1 h6 24. h3 Ra2 25. Bd4 Ba3 26. Rc8+ Rxc8 27. Rxc8+ Kh7 28. Ne5 f6 29. Nf3 e5 30. Ba7 Bb4 31. Rd8 Nc3 32. Bb8 Ne4 33. Rc8 Ra1+ 34. Kh2 Nxf2 35. Rc4 Nd3 36. Kg3 Ra8 37. Bc7 Rc8 38. Rc5 Bxc5 0-1

[Event "Titled Tuesday intern op 26th Sep Early"]
[Site "Chess.com INT"]
[Date "2023.09.26"]
[Round "10"]
[White "Sivanandan, Bodhana"]
[Black "Zaichenko, Daria"]
[Result "1-0"]
[WhiteElo "1840"]
[BlackElo "2104"]
[PlyCount "85"]
[EventDate "2023.09.26"]
[EventType "swiss (blitz)"]
[EventRounds "11"]
[EventCountry "USA"]
[SourceTitle "EXT 2024"]
[Source "ChessBase"]
[SourceDate "2023.10.10"]
[SourceVersion "1"]
[SourceVersionDate "2023.10.10"]
[SourceQuality "1"]

1. d4 d5 2. Nf3 Nf6 3. Bf4 Bf5 4. e3 e6 5. a3 Be7 6. Nc3 0-0 7. Bd3 Ne4 8. Bxe4 Bxe4 9. Nxe4 dxe4 10. Nd2 f5 11. 0-0 Nd7 12. Nc4 Nf6 13. f3 exf3 14. Qxf3 Ne4 15. Rad1 c6 16. Be5 Qd5 17. Nd2 Nxd2 18. Rxd2 Qxf3 19. Rxf3 g5 20. h3 h5 21. e4 fxe4 22. Rxf8+ Rxf8 23. Re2 Kh7 24. Rxe4 Kg6 25. g4 hxg4 26. hxg4 c5 27. Kg2 b6 28. c3 cxd4 29. Bxd4 Rf4 30. Rxf4 gxf4 31. Be5 Bf6 32. Bxf4 e5 33. Bg3 Kg5 34. Kf3 a5 35. Ke4 Kxg4 36. Bxe5 Be7 37. Kd5 Bc5 38. Bd4 Be7 39. Bxb6 a4 40. Kc4 Kf3 41. Kb5 Ke2 42. Kxa4 Kd3 43. Kb3 1-0

[Event "Titled Tuesday intern op 26th Sep Early"]
[Site "Chess.com INT"]
[Date "2023.09.26"]
[Round "11"]
[White "Zaichenko, Daria"]
[Black "Stead, Kerry"]
[Result "1-0"]
[WhiteElo "2104"]
[BlackElo "1892"]
[PlyCount "65"]
[EventDate "2023.09.26"]
[EventType "swiss (blitz)"]
[EventRounds "11"]
[EventCountry "USA"]
[SourceTitle "EXT 2024"]
[Source "ChessBase"]
[SourceDate "2023.10.10"]
[SourceVersion "1"]
[SourceVersionDate "2023.10.10"]
[SourceQuality "1"]

1. e4 c6 2. d4 d5 3. Nc3 dxe4 4. Nxe4 Bf5 5. Ng3 Bg6 6. h4 h6 7. h5 Bh7 8. Nf3 e6 9. Bd3 Bxd3 10. Qxd3 Nf6 11. c3 Bd6 12. Ne4 Nxe4 13. Qxe4 Nd7 14. Bd2 Nf6 15. Qc2 Qb6 16. 0-0-0 0-0-0 17. Ne5 Rhf8 18. f4 Kb8 19. Nc4 Qc7 20. Nxd6 Qxd6 21. g3 c5 22. Be3 c4 23. Qa4 Qd5 24. b3 cxb3 25. axb3 Rc8 26. c4 Qf3 27. Rhe1 Qxg3 28. d5 exd5 29. Bxa7+ Kc7 30. Qa5+ Kd7 31. Rxd5+ Nxd5 32. Qxd5+ Kc7 33. Re7# 1-0

[Event "Titled Tuesday intern op 26th Sep Early"]
[Site "Chess.com INT"]
[Date "2023.09.26"]
[Round "7"]
[White "Zaichenko, Daria"]
[Black "Viskelis, Darius"]
[Result "1/2-1/2"]
[WhiteElo "2104"]
[BlackElo "2152"]
[PlyCount "89"]
[EventDate "2023.09.26"]
[EventType "swiss (blitz)"]
[EventRounds "11"]
[EventCountry "USA"]
[SourceTitle "EXT 2024"]
[Source "ChessBase"]
[SourceDate "2023.10.10"]
[SourceVersion "1"]
[SourceVersionDate "2023.10.10"]
[SourceQuality "1"]

1. e4 e5 2. Nf3 Nf6 3. Nxe5 d6 4. Nf3 Nxe4 5. Nc3 Nf6 6. d4 d5 7. Bd3 Be7 8. Be3 0-0 9. Qd2 Nc6 10. a3 Ng4 11. Bf4 Bf6 12. 0-0-0 Nxd4 13. Nxd4 Bxd4 14. Bxh7+ Kxh7 15. Qxd4 c6 16. f3 Nf6 17. Bg5 Qd6 18. Qh4+ Kg8 19. Ne4 Nxe4 20. fxe4 Be6 21. exd5 Bxd5 22. Be7 Qg6 23. Bxf8 Rxf8 24. g3 Bxh1 25. Rxh1 Re8 26. Rd1 f6 27. Qc4+ Qf7 28. Qf4 Qa2 29. Rd7 Qa1+ 30. Kd2 Qe1+ 31. Kd3 Qd1+ 32. Qd2 Qf3+ 33. Kc4 b5+ 34. Kb4 Re4+ 35. Rd4 Qg4 36. Rxe4 Qxe4+ 37. Kc5 Qc4+ 38. Kd6 Kf7 39. Qe3 Qxc2 40. Qe6+ Kg6 41. Qg4+ Kf7 42. Qe6+ Kg6 43. Qg4+ Kh6 44. Qh4+ Kg6 45. Qg4+ 1/2-1/2

[Event "Titled Tuesday intern op 12th Sep Early"]
[Site "Chess.com INT"]
[Date "2023.09.12"]
[Round "7"]
[White "Vargas, Mauricio"]
[Black "Zaichenko, Daria"]
[Result "0-1"]
[WhiteElo "1961"]
[BlackElo "2104"]
[PlyCount "62"]
[EventDate "2023.09.12"]
[EventType "swiss (blitz)"]
[EventRounds "11"]
[EventCountry "USA"]
[SourceTitle "EXT 2024"]
[Source "ChessBase"]
[SourceDate "2023.10.10"]
[SourceVersion "1"]
[SourceVersionDate "2023.10.10"]
[SourceQuality "1"]

1. e4 c5 2. Nc3 g6 3. f4 Bg7 4. Nf3 d6 5. Bb5+ Bd7 6. Bxd7+ Nxd7 7. 0-0 Ngf6 8. Qe1 Qb6 9. Kh1 0-0-0 10. d3 e5 11. fxe5 Nxe5 12. Ng5 h6 13. Nh3 Rde8 14. Rf2 d5 15. Qf1 d4 16. Na4 Qc6 17. b3 Nfg4 18. Re2 f5 19. Nf4 Rhf8 20. Nd5 fxe4 21. Qe1 Qxd5 22. Rxe4 Nf2+ 23. Kg1 Nxe4 24. dxe4 Qd6 25. Bf4 Rxf4 26. Qg3 g5 27. Nb2 Qc6 28. Re1 Rxe4 29. Rf1 Rf8 30. Rc1 Re2 31. Nd3 Qe4 0-1

[Event "Titled Tuesday intern op 12th Sep Early"]
[Site "Chess.com INT"]
[Date "2023.09.12"]
[Round "10"]
[White "Zaichenko, Daria"]
[Black "Brilej, Jaka"]
[Result "1-0"]
[WhiteElo "2104"]
[BlackElo "2306"]
[PlyCount "155"]
[EventDate "2023.09.12"]
[EventType "swiss (blitz)"]
[EventRounds "11"]
[EventCountry "USA"]
[SourceTitle "EXT 2024"]
[Source "ChessBase"]
[SourceDate "2023.10.10"]
[SourceVersion "1"]
[SourceVersionDate "2023.10.10"]
[SourceQuality "1"]

1. e4 e6 2. d4 d5 3. Bd3 dxe4 4. Bxe4 Nf6 5. Bf3 Nbd7 6. Ne2 Bd6 7. 0-0 0-0 8. Ng3 Re8 9. c3 e5 10. Nf5 Bf8 11. Re1 e4 12. Be2 Nb6 13. Ng3 c6 14. c4 g6 15. Nc3 h5 16. Bg5 Be7 17. Qd2 Be6 18. c5 Nbd5 19. Ncxe4 Nxe4 20. Nxe4 Bf5 21. Bxe7 Rxe7 22. Nd6 Be6 23. Qg5 Rd7 24. Qh6 Qf6 25. Bf3 Ne7 26. Bxh5 Qxd4 27. Bf3 Qxc5 28. Ne4 Qf5 29. Ng5 Qf6 30. Qh7+ Kf8 31. Qh4 Qg7 32. Rxe6 fxe6 33. Nxe6+ Kg8 34. Nxg7 Kxg7 35. Qe4 Rad8 36. Qe5+ Kg8 37. h3 Nf5 38. Qe6+ Kg7 39. Be4 Re7 40. Qc4 Rd4 41. Qc3 Rexe4 42. g4 Nd6 43. Rd1 Nb5 44. Qc1 Rxd1+ 45. Qxd1 Nd4 46. Qd3 Re1+ 47. Kg2 Ne6 48. Qc3+ Kf7 49. Qxe1 Nf4+ 50. Kf3 Nd5 51. Qe4 g5 52. Qf5+ Ke7 53. Qxg5+ Kd7 54. Qf5+ Kd6 55. Qg6+ Kc5 56. h4 Ne7 57. Qg5+ Nd5 58. Qf5 Kd4 59. Qf6+ Kd3 60. Qf5+ Kd2 61. h5 Nb4 62. h6 Nd3 63. h7 Ne1+ 64. Kf4 Nd3+ 65. Kg5 Nxf2 66. Qxf2+ Kc1 67. h8Q Kb1 68. Qh1+ Kxa2 69. Qd2 Kb3 70. Qc3+ Ka4 71. Qa1+ Kb5 72. Qb3+ Kc5 73. Qc1+ Kd6 74. Qf4+ Kd7 75. Qff7+ Kd8 76. Qd3+ Kc8 77. Qdd7+ Kb8 78. Qd8# 1-0

[Event "Titled Tuesday intern op 05th Sep Early"]
[Site "Chess.com INT"]
[Date "2023.09.05"]
[Round "5"]
[White "Eggleston, Thomas"]
[Black "Zaichenko, Daria"]
[Result "1-0"]
[WhiteElo "2188"]
[BlackElo "2104"]
[PlyCount "89"]
[EventDate "2023.09.05"]
[EventType "swiss (blitz)"]
[EventRounds "11"]
[EventCountry "USA"]
[SourceTitle "EXT 2024"]
[Source "ChessBase"]
[SourceDate "2023.10.10"]
[SourceVersion "1"]
[SourceVersionDate "2023.10.10"]
[SourceQuality "1"]

1. e4 c5 2. Nf3 Nc6 3. Bb5 g6 4. Bxc6 dxc6 5. Qe2 Bg7 6. d3 Nf6 7. Nc3 0-0 8. Be3 b6 9. 0-0-0 Bb7 10. h4 Ng4 11. Bd2 h5 12. Ng5 Qd6 13. f3 Ne5 14. g4 b5 15. gxh5 gxh5 16. f4 Ng4 17. e5 Qc7 18. Rdg1 Bc8 19. e6 fxe6 20. Rxg4 hxg4 21. Qe4 Rf5 22. Nxe6 Bxe6 23. Qxe6+ Rf7 24. Qxg4 Qc8 25. Qg2 Rf6 26. Rg1 Rf7 27. Ne4 Qf5 28. Ng5 Qf6 29. Nxf7 Qxb2+ 30. Kd1 Kxf7 31. Qg6+ Kf8 32. h5 Qf6 33. Qg4 Kf7 34. f5 Qa1+ 35. Ke2 Qe5+ 36. Kf1 Rh8 37. Qg6+ Kf8 38. h6 Bf6 39. h7 Qa1+ 40. Ke2 Qe5+ 41. Kf3 Qd5+ 42. Ke2 Qf7 43. Bh6+ Ke8 44. Qg8+ Kd7 45. Qxf7 1-0

[Event "Titled Tuesday intern op 05th Sep Early"]
[Site "Chess.com INT"]
[Date "2023.09.05"]
[Round "6"]
[White "Fazulyanov, Sergey"]
[Black "Zaichenko, Daria"]
[Result "1-0"]
[WhiteElo "2350"]
[BlackElo "2104"]
[PlyCount "85"]
[EventDate "2023.09.05"]
[EventType "swiss (blitz)"]
[EventRounds "11"]
[EventCountry "USA"]
[SourceTitle "EXT 2024"]
[Source "ChessBase"]
[SourceDate "2023.10.10"]
[SourceVersion "1"]
[SourceVersionDate "2023.10.10"]
[SourceQuality "1"]

1. e4 c5 2. Nf3 Nc6 3. d4 cxd4 4. Nxd4 Nf6 5. Nc3 d6 6. Bg5 Bd7 7. Nb3 e6 8. Qd2 a6 9. a4 Be7 10. a5 Nb4 11. f3 Rc8 12. Be3 0-0 13. Bb6 Qe8 14. Be2 h6 15. 0-0 d5 16. e5 Nh7 17. f4 f6 18. Nd4 fxe5 19. fxe5 Qg6 20. Kh1 Ng5 21. Rxf8+ Rxf8 22. Rf1 Rxf1+ 23. Bxf1 Ne4 24. Qe1 Nc6 25. Bd3 Qg5 26. Nf3 Qf4 27. Nxe4 dxe4 28. Qxe4 Qxe4 29. Bxe4 Bb4 30. c3 Be7 31. Nd4 Nxe5 32. Bxb7 Nc4 33. Bxa6 Nxb2 34. Bb7 Na4 35. Bc7 Bc5 36. a6 Nxc3 37. Nb3 Be3 38. Na5 Bb5 39. Bb8 Nd1 40. g3 Bf1 41. h3 Nf2+ 42. Kh2 Nxh3 43. a7 1-0

[Event "Titled Tuesday intern op 05th Sep Early"]
[Site "Chess.com INT"]
[Date "2023.09.05"]
[Round "2"]
[White "Gutierrez Olivares, Daniel"]
[Black "Zaichenko, Daria"]
[Result "1-0"]
[WhiteElo "2354"]
[BlackElo "2104"]
[PlyCount "125"]
[EventDate "2023.09.05"]
[EventType "swiss (blitz)"]
[EventRounds "11"]
[EventCountry "USA"]
[SourceTitle "EXT 2024"]
[Source "ChessBase"]
[SourceDate "2023.10.10"]
[SourceVersion "1"]
[SourceVersionDate "2023.10.10"]
[SourceQuality "1"]

1. Nf3 Nf6 2. g3 d5 3. b3 c5 4. Bb2 Nc6 5. d4 cxd4 6. Nxd4 Nxd4 7. Qxd4 e6 8. Bg2 Qc7 9. 0-0 Bc5 10. Qd3 0-0 11. Bxf6 gxf6 12. Nd2 Bd7 13. c4 dxc4 14. Qxc4 Rac8 15. Rac1 e5 16. Qh4 Qb6 17. Nc4 Qa6 18. Be4 f5 19. Nxe5 Be6 20. Qg5+ Kh8 21. Bxf5 f6 22. Qh5 Bxf5 23. Qxf5 fxe5 24. Qxe5+ Qf6 25. Rxc5 Qxe5 26. Rxe5 Rc2 27. a4 Rb2 28. Re3 Rc8 29. Rd1 Rcc2 30. Kf1 Rc7 31. Rd5 Kg7 32. h4 Rb1+ 33. Kg2 b6 34. Rg5+ Kf6 35. Rh5 Kg6 36. Rg5+ Kf6 37. Rf3+ Ke6 38. Rh5 Kd6 39. Rf6+ Ke7 40. Rfh6 Rxb3 41. Rxh7+ Kd8 42. Rh8+ Kd7 43. R5h7+ Kc6 44. Rh6+ Kb7 45. h5 Rc2 46. R8h7+ Ka6 47. Re7 Rbb2 48. Rhh7 Ka5 49. Rxa7+ Kb4 50. Rab7 Ka5 51. Ra7+ Kb4 52. a5 Rxe2 53. Rhf7 bxa5 54. Rab7+ Kc3 55. Rbc7+ Kd3 56. h6 a4 57. h7 Re8 58. Rcd7+ Kc3 59. Ra7 Kb4 60. Rfb7+ Ka3 61. Rg7 Kb3 62. Rg8 Ree2 63. Rf8 1-0

[Event "Titled Tuesday intern op 29th Aug Early"]
[Site "Chess.com INT"]
[Date "2023.08.29"]
[Round "7"]
[White "Bochnicka, Vladimir1111"]
[Black "Zaichenko, Daria"]
[Result "1-0"]
[WhiteElo "2368"]
[BlackElo "2104"]
[PlyCount "79"]
[EventDate "2023.08.29"]
[EventType "swiss (blitz)"]
[EventRounds "11"]
[EventCountry "USA"]
[SourceTitle "EXT 2024"]
[Source "ChessBase"]
[SourceDate "2023.10.10"]
[SourceVersion "1"]
[SourceVersionDate "2023.10.10"]
[SourceQuality "1"]

1. e4 c5 2. Nf3 Nc6 3. Bb5 g6 4. 0-0 Bg7 5. Re1 Nf6 6. e5 Nd5 7. Nc3 Nc7 8. Bxc6 dxc6 9. h3 0-0 10. d3 Be6 11. Be3 b6 12. a4 a5 13. Ne4 h6 14. Qd2 Kh7 15. Rad1 Bd5 16. Qc3 Bxe4 17. dxe4 Qc8 18. Rd2 Rd8 19. Qb3 Rxd2 20. Bxd2 Ne6 21. Qxb6 Rb8 22. Qxa5 Rxb2 23. Qc3 Rb4 24. a5 Qc7 25. Qd3 Ra4 26. Bc3 Nd4 27. Nxd4 cxd4 28. Bxd4 Bxe5 29. Bb6 Qd6 30. Qxd6 Bxd6 31. c3 Ra3 32. Re3 Bf4 33. Re1 Rxc3 34. a6 Ra3 35. a7 Bd2 36. Rd1 Bb4 37. Rd8 Bd6 38. g3 c5 39. a8Q Rxa8 40. Rxa8 1-0